| 000 | 00569nam a2200193Ia 4500 | ||
|---|---|---|---|
| 005 | 20260429112128.0 | ||
| 008 | 260429s9999||||xx |||||||||||||| ||und|| | ||
| 020 | _a9781032963815 | ||
| 041 | _aEnglish | ||
| 082 |
_a570.113 _bRAM |
||
| 100 | _aRaman, Karthik | ||
| 245 | 0 |
_aIntroduction to computational systems biology : _bsystems-level modelling of cellular networks / _cKarthik Raman |
|
| 250 | _a1st ed. | ||
| 260 |
_aBoca Raton : _bCRC Press, _c2025. |
||
| 300 | _axxii, 336 p.; pbk | ||
| 650 | _a Computational systems | ||
| 650 | _aBiology | ||
| 942 | _cTB | ||
| 999 |
_c52494 _d52494 |
||